[Event "WCPL1920"]
[Site "?"]
[Date "2019.12.01"]
[Round "2.5"]
[White "Owen, Andrew"]
[Black "Davies, Matthew"]
[Result "1-0"]
[WhiteElo "1973"]
[BlackElo "1914"]
[PlyCount "57"]
[EventDate "2019.10.??"]
[EventType "team-tourn"]
[EventCountry "WLS"]
[SourceVersionDate "2019.10.22"]
[WhiteTeam "Abergavenny"]
[BlackTeam "Nidum"]

1. e4 e6 2. d4 d5 3. Nd2 Nf6 4. e5 Nfd7 5. Bd3 c5 6. c3 Nc6 7. Ne2 cxd4 8. cxd4
Qb6 9. Nf3 f6 10. exf6 Nxf6 11. O-O Bd6 12. b3 O-O 13. Bb2 Bd7 14. Nc3 a6 15.
Na4 Qc7 16. Rc1 Rac8 17. Ne5 Qd8 18. Qe2 Qe7 19. Rfe1 Rce8 20. Bb1 Bb4 21. Red1
Rc8 22. Qe3 Nxe5 23. dxe5 Ng4 24. Qh3 Nh6 25. Nc3 Nf5 26. Ne2 g6 27. Rxc8 Rxc8
28. Qg4 Qg7 29. Qxb4 1-0

[Event "WCPL1920"]
[Site "?"]
[Date "2019.12.01"]
[Round "2.6"]
[White "Di-Vetta, Andrew"]
[Black "Llewellyn, David"]
[Result "1-0"]
[WhiteElo "1705"]
[BlackElo "1883"]
[PlyCount "145"]
[EventDate "2019.10.??"]
[EventType "team-tourn"]
[EventCountry "WLS"]
[SourceVersionDate "2019.10.22"]
[WhiteTeam "Nidum"]
[BlackTeam "Abergavenny"]

1. c4 b6 2. Nf3 Bb7 3. Nc3 e6 4. g3 Bxf3 5. exf3 c5 6. Bg2 Nc6 7. O-O g6 8. d3
Bg7 9. Nb5 Qb8 10. f4 Nge7 11. Rb1 O-O 12. Bd2 a6 13. Nc3 Qc7 14. Be3 Rfd8 15.
Qb3 Ra7 16. g4 Nd4 17. Bxd4 Bxd4 18. Ne2 Nc6 19. Qd1 Bg7 20. Qd2 d5 21. cxd5
exd5 22. Nc3 Bxc3 23. bxc3 d4 24. c4 Re8 25. Rfe1 Raa8 26. Bd5 Rab8 27. a3 Ne7
28. Bf3 b5 29. cxb5 axb5 30. Re5 f6 31. Re6 b4 32. axb4 cxb4 33. Rxf6 b3 34.
Re6 Qc2 35. Qd1 Qxd1+ 36. Bxd1 Nd5 37. Rxe8+ Rxe8 38. Bxb3 Rd8 39. Ra1 Kg7 40.
Ra7+ Kf6 41. Bxd5 Rxd5 42. Rxh7 g5 43. f5 Ra5 44. Rh6+ Ke5 45. Re6+ Kf4 46. Kg2
Kxg4 47. Re4+ Kxf5 48. Rxd4 Ra1 49. Rd8 Rd1 50. d4 Rd3 51. f3 Kf4 52. Rf8+ Ke3
53. Re8+ Kf4 54. Re4+ Kf5 55. Kg3 Rd1 56. h4 gxh4+ 57. Rxh4 Rg1+ 58. Kf2 Ra1
59. Re4 Rd1 60. Ke2 Ra1 61. Re3 Ra2+ 62. Kd1 Ra4 63. Rd3 Ke6 64. Ke2 Kd5 65.
Ke3 Ra8 66. f4 Re8+ 67. Kf3 Rh8 68. Rd1 Rh7 69. f5 Rh4 70. Kg3 Re4 71. Rf1 Rxd4
72. f6 Re4 73. f7 1-0

[Event "WCPL1920"]
[Site "?"]
[Date "2019.12.01"]
[Round "2.7"]
[White "Young, Alan"]
[Black "Kett, Tim"]
[Result "1/2-1/2"]
[WhiteElo "2039"]
[BlackElo "2184"]
[PlyCount "71"]
[EventDate "2019.10.??"]
[EventType "team-tourn"]
[EventCountry "WLS"]
[SourceVersionDate "2019.10.22"]
[WhiteTeam "White Knights"]
[BlackTeam "The Full Ponty"]

1. e4 e5 2. Nf3 Nc6 3. Bb5 a6 4. Ba4 d6 5. O-O Bd7 6. c4 g6 7. d4 exd4 8. Bg5
Be7 9. Bxe7 Ngxe7 10. Nxd4 O-O 11. Nc3 f5 12. Nxc6 Bxc6 13. Bb3 fxe4 14. c5+
Kg7 15. Qd4+ Rf6 16. Nxe4 Bxe4 17. Qxe4 d5 18. Qe5 c6 19. Rae1 Ng8 20. f4 Qd7
21. Bc2 Kf8 22. f5 g5 23. Qg3 h6 24. Re6 Re8 25. Qe5 Rexe6 26. fxe6 Rxf1+ 27.
Kxf1 Qe7 28. Qd6 Kg7 29. g4 Qf6+ 30. Bf5 h5 31. h3 hxg4 32. hxg4 Ne7 33. Qd7
Kh6 34. Qd8 Kg7 35. Qc7 Kh6 36. Qh2+ 1/2-1/2

[Event "WCPL1920"]
[Site "?"]
[Date "2019.12.01"]
[Round "2.8"]
[White "Gilbert, Jonathan A"]
[Black "Pleasants, Allan J"]
[Result "1/2-1/2"]
[WhiteElo "1992"]
[BlackElo "2048"]
[PlyCount "52"]
[EventDate "2019.10.??"]
[EventType "team-tourn"]
[EventCountry "WLS"]
[SourceVersionDate "2019.10.22"]
[WhiteTeam "The Full Ponty"]
[BlackTeam "White Knights"]

1. e4 g6 2. d4 Bg7 3. c4 d6 4. Nc3 Nf6 5. Nf3 O-O 6. Be2 Nc6 7. O-O Bg4 8. Be3
Nd7 9. d5 Bxf3 10. Bxf3 Nce5 11. Be2 Nb6 12. Qb3 c5 13. f4 Ned7 14. Rae1 Rb8
15. Bd3 Na8 16. a4 Nc7 17. Qc2 a6 18. Qe2 e6 19. Kh1 Re8 20. Qf2 exd5 21. exd5
f5 22. Bd2 Nf6 23. Rxe8+ Qxe8 24. Re1 Qd7 25. Qe2 Re8 26. Qf1 Kf8 1/2-1/2

[Event "WCPL1920"]
[Site "?"]
[Date "2019.12.01"]
[Round "2.9"]
[White "Garcia, Jason"]
[Black "Waterfield, John W"]
[Result "1/2-1/2"]
[WhiteElo "2046"]
[BlackElo "1931"]
[PlyCount "66"]
[EventDate "2019.10.??"]
[EventType "team-tourn"]
[EventCountry "WLS"]
[SourceVersionDate "2019.10.22"]
[WhiteTeam "White Knights"]
[BlackTeam "The Full Ponty"]

1. Nf3 g6 2. c4 Bg7 3. Nc3 e5 4. g3 d6 5. Bg2 f5 6. d3 Nf6 7. O-O O-O 8. Qc2
Na6 9. a3 c6 10. b4 Bd7 11. Bb2 Rc8 12. c5 Qe7 13. Na4 Nh5 14. cxd6 Qxd6 15.
Nd2 b5 16. Nc3 c5 17. Qb3+ Be6 18. Bd5 Bxd5 19. Qxd5+ Qxd5 20. Nxd5 Rcd8 21.
Ne7+ Kf7 22. Nc6 Rd5 23. Nf3 Re8 24. Rac1 cxb4 25. axb4 h6 26. Nxa7 e4 27. Bxg7
exf3 28. e4 fxe4 29. dxe4 Rd7 30. Bxh6 Rxa7 31. Rc3 Nxb4 32. Rxf3+ Ke6 33. Rb3
Nc2 1/2-1/2

[Event "WCPL1920"]
[Site "?"]
[Date "2019.12.01"]
[Round "2.10"]
[White "Harris, Calum"]
[Black "Heaven, Pete"]
[Result "1-0"]
[WhiteElo "1817"]
[BlackElo "1992"]
[PlyCount "53"]
[EventDate "2019.10.??"]
[EventType "team-tourn"]
[EventCountry "WLS"]
[SourceVersionDate "2019.10.22"]
[WhiteTeam "The Full Ponty"]
[BlackTeam "White Knights"]

1. e4 c5 2. Nf3 d6 3. d4 cxd4 4. Nxd4 Nf6 5. Nc3 a6 6. g3 e5 7. Nf5 Bxf5 8.
exf5 Nbd7 9. Bg2 Qc7 10. O-O Be7 11. g4 h6 12. h4 Rc8 13. g5 hxg5 14. hxg5 Nh5
15. Be3 Nf4 16. Bxf4 exf4 17. Nd5 Qd8 18. g6 Ne5 19. gxf7+ Kxf7 20. Nxf4 Qd7
21. Ne6 Qa4 22. Qd5 Qh4 23. Rfe1 Kf6 24. Nd4 Rc7 25. Qe6+ Kg5 26. Rxe5 Qxd4 27.
Qg6+ 1-0

[Event "WCPL1920"]
[Site "?"]
[Date "2019.12.01"]
[Round "2.11"]
[White "May, Adam J"]
[Black "Thomas, Roy"]
[Result "1-0"]
[WhiteElo "1952"]
[BlackElo "1693"]
[PlyCount "69"]
[EventDate "2019.10.??"]
[EventType "team-tourn"]
[EventCountry "WLS"]
[SourceVersionDate "2019.10.22"]
[WhiteTeam "White Knights"]
[BlackTeam "The Full Ponty"]

1. c4 e6 2. g3 f5 3. Bg2 Nf6 4. Nf3 Be7 5. O-O O-O 6. Nc3 Ne4 7. d3 Nxc3 8.
bxc3 Nc6 9. d4 d6 10. d5 Ne5 11. Qb3 Nxf3+ 12. exf3 e5 13. f4 exf4 14. Bxf4 b6
15. Be3 Bd7 16. a4 a5 17. Rfe1 Qe8 18. c5 bxc5 19. Bxc5 Qf7 20. Be3 Bf6 21. Qc2
Rfb8 22. Rac1 Rb7 23. c4 Rb2 24. Qd1 Ra2 25. c5 Bxa4 26. Qd3 g6 27. Qc4 Ra3 28.
cxd6 cxd6 29. Bf4 Qd7 30. Re6 Be5 31. Bxe5 dxe5 32. Rxe5 Rb8 33. d6+ Kf8 34.
Re7 Bb3 35. Qd4 1-0

[Event "WCPL1920"]
[Site "?"]
[Date "2019.12.01"]
[Round "2.12"]
[White "Quinn, Peter"]
[Black "Bevan, Peter M"]
[Result "1/2-1/2"]
[WhiteElo "1586"]
[BlackElo "1896"]
[PlyCount "99"]
[EventDate "2019.10.??"]
[EventType "team-tourn"]
[EventCountry "WLS"]
[SourceVersionDate "2019.10.22"]
[WhiteTeam "The Full Ponty"]
[BlackTeam "White Knights"]

1. e4 d5 2. exd5 Qxd5 3. Nc3 Qd8 4. d4 c6 5. Nf3 Bg4 6. Be2 e6 7. Be3 Nd7 8.
Ne5 Bxe2 9. Qxe2 Ngf6 10. O-O Be7 11. f3 O-O 12. Ne4 Nd5 13. Bd2 Nxe5 14. dxe5
Qb6+ 15. Kh1 Qxb2 16. c3 f5 17. Rfb1 Qa3 18. Rb3 Qa6 19. Qxa6 bxa6 20. Nd6 Rfd8
21. c4 Nb6 22. c5 Nd7 23. Rb7 Bxd6 24. cxd6 Nxe5 25. Bc3 Nf7 26. d7 Nd6 27. Rc7
Nb5 28. Rxc6 Nxc3 29. Rxc3 Rxd7 30. h3 Rad8 31. Rac1 Rd1+ 32. Rxd1 Rxd1+ 33.
Kh2 Rd2 34. Ra3 Rd6 35. Kg3 Kf7 36. Kf4 Kf6 37. Ra5 e5+ 38. Kg3 g5 39. h4 h6
40. hxg5+ hxg5 41. Kh3 e4 42. fxe4 fxe4 43. Kg4 e3 44. Kf3 Re6 45. Ke2 Kg6 46.
g4 Kf6 47. Rf5+ Kg6 48. Ra5 Kh6 49. Rc5 Kg6 50. Ra5 1/2-1/2

[Event "WCPL1920"]
[Site "?"]
[Date "2019.12.01"]
[Round "2.13"]
[White "Turner, Matthew J"]
[Black "Williams, A. Howard"]
[Result "1-0"]
[WhiteElo "2519"]
[BlackElo "2236"]
[Annotator "kemen"]
[PlyCount "101"]
[EventDate "2019.10.??"]
[EventType "team-tourn"]
[EventCountry "WLS"]
[SourceVersionDate "2019.10.22"]
[WhiteTeam "Tiny Rex"]
[BlackTeam "Cardigan"]

{[%evp 0,101,22,28,20,15,24,14,21,16,29,24,21,12,10,-30,-5,-5,-1,-11,-11,-18,
-12,-12,-4,9,19,16,9,21,35,24,167,32,61,61,77,74,74,71,63,68,65,55,65,65,65,65,
65,65,64,60,52,62,63,63,67,69,98,79,103,109,103,89,89,87,89,89,96,94,95,95,103,
95,95,95,95,103,98,103,103,103,103,97,147,117,121,123,130,118,177,191,234,245,
238,260,268,219,293,238,290,291,1295,1258]} 1. d4 Nf6 2. Nf3 e6 3. g3 b6 4. Bg2
Bb7 5. O-O Be7 6. c4 O-O 7. d5 {a promising gambit} (7. Nc3) 7... exd5 (7...
Na6 {Bl can decline}) 8. Nh4 (8. Nd4 {is the older line}) 8... c6 (8... Re8 9.
cxd5 g6 10. d6 $18 {Turner-Buttell, Dyfed Open 2018,1-0}) 9. cxd5 Nxd5 10. Nf5
Nc7 11. e4 d5 12. exd5 (12. Nc3) (12. Re1) (12. Qg4 {main lines}) 12... cxd5 (
12... Nxd5 13. Nc3 Nxc3 (13... Bf6 $11 {transposes to 108 games}) 14. bxc3 Bf6
(14... Bc8 $14 {Komodo13}) 15. Ba3 $18 {2-0}) 13. Nc3 Nba6 {transposes to 28
games} (13... Bf6 $11 {Komodo13- trasposes to 152 games}) (13... Bc5 14. Qg4
$11 {2 draws}) 14. Bf4 Nc5 (14... Bf6 $11 {Komodo13- 146 games, 57% for Wh} 15.
Re1 Bc8 16. Qh5 Be6 17. Rad1 Qd7 (17... g6 $11 {Komodo13}) 18. Nxd5 $18 {
Turner-Eggleston, 4NCL-GM, Hull, nov2019,1-0}) (14... Bc5 15. Qh5 Ne6 $11 {
Komodo13} (15... Qf6 $11 {Komodo13})) 15. Qg4 (15. Bxc7 Qxc7 16. Ne3 d4 17.
Ncd5 Qd7 18. Qxd4 $16 {Komodo13}) (15. Re1 N5e6 16. Qg4 (16. Bxc7 Qxc7 17. Nxd5
$18) 16... g6 17. Bxc7 Qxc7 18. Bxd5 (18. Nxd5) 18... Bg5 19. Bxb7 Qxb7 $11 {
Podzielny-Duessel, Staufer op Schwaebisch Gmund 1998,1-0}) (15. Nxe7+ Qxe7 16.
Bxc7 Qxc7 17. Nxd5 Bxd5 18. Bxd5 Rad8 $11 {Dolgalev-Gneduch, Kuzbass ch
Kemerovo 2007,1-0}) 15... N5e6 $2 (15... Bf6 16. Rad1 N5e6 17. Bd6 $16 h5 18.
Qxh5 g6 19. Qg4 Bc8 20. Nxd5 $18 {Ermeni-Fawzy, Olympiad 2016, 1-0}) (15... g6
16. Nh6+ Kg7 17. Nf5+ Kg8 18. Rad1 h5 19. Bxc7 Qxc7 20. Qf4 Bd8 21. Qxc7 Bxc7
22. Ne7+ Kg7 23. Nb5 Be5 $11 {Yuffa-Poznyak, St Petersburg Chigorin mem oct
2019, 1/2-1/2}) 16. Rad1 $5 (16. Bxc7 Qxc7 17. Nxd5 $18 {Tran-Busemann,
Oberliga Sued 2012,1/2-1/2;Molvig-Getz, Politiken Cup Copenhagen 2007,1-0})
16... h5 17. Bxc7 $6 (17. Qxh5 Bf6 18. Bd6 g6 19. Qg4 $16 {transposes to
Ermeni-Fawzy cited above}) 17... hxg4 18. Bxd8 Bxd8 19. Nxd5 Rb8 20. Rfe1 $14
Ng5 21. Rd4 Bxd5 22. Bxd5 Nf3+ 23. Bxf3 gxf3 24. Rd3 (24. Rf4) 24... Bf6 25. b3
Rfe8 (25... Rfd8 26. Rxf3 Rb7 27. Nh6+ Kf8 28. Ng4 Bb2 29. Ne5 Bxe5 30. Rxe5
Rd2 31. a4 $16 {Komodo13}) 26. Rxe8+ Rxe8 27. Rxf3 Re2 28. a4 Rb2 29. Kg2 a6
30. Nd6 Rb1 31. Nc4 Bd4 32. Rd3 Bc5 33. Ne5 Rb2 34. Rf3 f6 35. Nd3 Rc2 36. Nxc5
bxc5 $6 (36... Rxc5 {looks better on priciple-Komodo13}) 37. Rf4 Rc3 38. Rc4
Rxb3 39. Rxc5 Rb4 40. Ra5 $18 {Stockish10; Komodo13 sticks with definite plus
for Wh} Rb6 41. h4 g6 $6 {pawn advances often create extra weaknesses in
endings if one is defending} (41... Kf7) 42. f4 $6 (42. Rc5 Rb4 43. a5 Ra4 44.
Rc6 Rxa5 45. Rxf6 Kg7 46. Rb6 $16 {Komodo13-conservative judgement-Wh will
obtain a standard R & 2 connected passed pawns vs 1 ending.}) 42... Kf7 43. Kh3
Kg7 44. Rd5 f5 $2 {as in an earlier note, if the defending sides' pawn move,
they make it easier for the attacker to find an entry} (44... Rb4 45. a5 Ra4
46. Rd7+ Kh6 47. Rd6 Rxa5 48. Rxf6 {seems indicated, but then Komodo13 fails
to make any progress over the next 20 moves- it id dificult for Wh to get in
either the h5 or f5 required to get his K side moving}) 45. h5 $18 Kh6 46. a5
Rc6 47. hxg6 Kxg6 48. Kh4 Kf6 49. Rd3 Kg6 50. Rb3 Kf6 51. Rb6 1-0

[Event "WCPL1920"]
[Site "?"]
[Date "2019.12.01"]
[Round "2.14"]
[White "Jones, Iolo C"]
[Black "Guha, Chirag"]
[Result "1-0"]
[WhiteElo "2168"]
[BlackElo "1769"]
[Annotator "kemen"]
[PlyCount "147"]
[EventDate "2019.10.??"]
[EventType "team-tourn"]
[EventCountry "WLS"]
[SourceVersionDate "2019.10.22"]
[WhiteTeam "Cardigan"]
[BlackTeam "Tiny Rex"]

1. d4 d5 2. Nf3 Nf6 3. Bf4 {the Popular London System; at least it is outside
the pawn chain} c5 4. c3 Nc6 5. e3 Qb6 6. Qb3 c4 7. Qxb6 {30% for Wh} (7. Qc2 {
41% for Wh}) 7... axb6 8. Na3 Na7 (8... Bf5 {main}) 9. Be2 (9. Nc2) 9... Bf5 (
9... e5 $15 {2 Wh wins,1 draw, 3 Bl wins}) 10. Nh4 Bd7 11. O-O e6 (11... h6 12.
Bg3 b5 13. Nc2 g5 14. Nf3 Nc6 15. a3 Ne4 $11 {Azevedo - Zallio, Recife Arraes
memorial 2018,0-1}) 12. Nc2 Be7 13. Nf3 O-O (13... Ne4 $15 {Komodo13}) 14. Rfc1
Rfc8 15. Ne5 Be8 16. h3 Ne4 17. f3 Nd6 18. Bg3 f6 19. Ng4 Bg6 $15 20. Nh2 Nc6 (
20... Bd3) 21. Bd1 e5 $15 (21... b5 $15) (21... Nf5 $15) 22. a3 h5 (22... Nf5
23. Bf2 Bd6 24. Nb4 $2 (24. dxe5 Nxe5 $15) 24... Nxb4 25. axb4 exd4 26. exd4
Bf4 27. Rcb1 Ne7 $19 {Komodo13- picks up an exchange}) 23. Nb4 Nxb4 24. axb4
exd4 25. exd4 $11 Bd3 26. Bf4 $6 $17 (26. Nf1 $11) 26... b5 $11 (26... g5 $1
27. Bd2 f5 $15 {Bl now has more space on both sides of the board}) 27. Nf1 Bg6
$2 (27... g5 28. Bh2 Nf5 29. f4 Bxf1 30. Kxf1 Ne3+ 31. Kg1 Rxa1 32. Rxa1 Nxd1
33. Rxd1 Ra8 34. fxg5 fxg5 35. Rf1 g4 $11 {Komodo13}) 28. Ne3 $16 Bf7 29. Bc2
g6 30. Re1 Bf8 31. g4 h4 $2 $18 {Stockfish10 & Komodo13; the h pawn becomes
isolated} (31... hxg4 32. hxg4 Ne8 33. g5 f5 34. Be5 Bd6 35. Bxd6 Nxd6 36. Rxa8
Rxa8 37. Bb1 Kg7 $14 {Komodo13- the position remains very blocked; Bl has a
bad B, but the Wh one is staring on granite}) 32. g5 Rxa1 33. Rxa1 fxg5 34.
Bxg5 Re8 35. Kf2 Be7 36. Bf4 (36. Bxe7 Rxe7 37. Rg1 Kh7 38. Rg4 Re8 (38... b6
39. Rxh4+ $18) 39. Nxd5 Bxd5 40. Bxg6+ Kh6 41. Bxe8 Nxe8 42. Rxh4+ $18 {
Komodo13}) 36... Kh7 37. Be5 $6 (37. Rg1 $18) 37... Be6 $16 38. Ng4 Bxg4 39.
fxg4 $14 (39. hxg4 {perhaps stronger}) 39... Nf7 40. Ra7 Nd8 $2 $18 {defending
rather than counter attacking} (40... Nxe5 41. dxe5 Bg5 42. Rxb7+ Kh8 43. Bd1
Rxe5 44. Rxb5 Bc1 45. Bf3 Bxb2 46. Rxd5 Bxc3 47. Rxe5 Bxe5 {and the opposite
colour Bs draw}) 41. Ra8 $2 $14 (41. Ra5 $18) (41. Bd1 Rf8+ 42. Bf3 Rf7 43. Ke2
Bf6 44. Bxf6 Rxf6 45. Bxd5 $18 {both Komodo13}) 41... Bg5 42. Rc8 Rf8+ 43. Ke2
(43. Ke1 {[%eval 0,0] preferred by Komodo13, not obstructing the path of the}
Rf3 44. Rc7+ Rf7 45. Rc5 Nc6 46. Rxd5 Nxe5 47. Rxe5 Bc1 48. Bd1 b6 49. d5 $14)
43... Ne6 44. Rxf8 Nxf8 $11 45. b3 Ne6 (45... Nd7 $11) 46. bxc4 bxc4 47. Ba4
Kg8 (47... Bd8 48. Bd7 Ng5 49. Bc8 b6 50. Bb7 Ne4 51. Kd1 Bf6 52. Kc2 Bxe5 53.
dxe5 Ng5 54. Bxd5 Kg7 $1 {other moves lose} 55. Bxc4 Nxh3 56. Kd3 (56. Be2 Nf4
57. Bf3 Kf7 $11 {Komodo13}) 56... Nf2+ 57. Kd4 Nxg4 58. Be6 Nf2 (58... Nh6 59.
Kd5 g5 $11) 59. Ke3 Nd1+ 60. Kd4 Nf2 61. Ke3 Nd1+ $11 {repetition, Komodo13})
48. Be8 (48. Bd7 Kf7 49. Bc8 Nf4+ 50. Bxf4 Bxf4 51. Bxb7 Ke6 {is what Komodo13
goes for, though humans know it's a draw}) 48... Nf8 (48... Bd8 49. Bxg6 Ng5
50. Bc2 Nxh3 $11 {Komodo13}) (48... Nf4+ 49. Bxf4 Bxf4 50. Bxg6 Kf8 51. Bf5 Ke7
52. Bc8 b6 {again the B situation holds- there is no entry for the Wh K}) 49.
b5 Be7 $6 $16 {Stockfish10 doesn't like this & Komodo13 comes to agree} (49...
Bd8 $11) 50. Bf4 $11 (50. b6 $14 {Komodo13} Bd8 51. Bc7 Bg5 $14 52. Bc6 {
looks as if it might win, but Bl has a defence} (52. Kd1 $14 {but no real
progress from the Engine over the next 20 moves}) 52... bxc6 53. b7 Nd7 54.
b8=Q+ Nxb8 55. Bxb8 Kf7 {strangely Komodo13 now gives this as definite plus
for Bl, but if Wh puts the B on b4, how will the Bl K get into the Wh position?
}) 50... g5 (50... Bd8) 51. Bd2 Kg7 $11 {(draw?)} 52. Kd1 Kg8 (52... Bd8 $15) (
52... Kf6 {bringing the K to the Q side looks more practical; there is no
entry for the Wh K on the k side anymore-Rudy}) 53. Kc2 Kg7 54. Bc1 Kg8 55. Kb1
Kg7 56. Ka2 Ne6 (56... Kf6) 57. Bd7 Kf7 58. b6 Nd8 (58... Nf4 {should draw
easily-Rudy} 59. Bc8 (59. Bxf4 gxf4 60. Ba4 f3 61. Bd1 f2 62. Be2 Kf6 $19)
59... Nxh3 60. Bxb7 Ke6 61. Bc8+ Kf6 62. Bb7 Ke6 {other moves lose for both
sides} 63. Bc8+ Kd6 64. Ba3+ Kc6 65. b7 Kc7 66. Bxe7 Nf4 67. Bd6+ Kxd6 68.
b8=Q+) 59. Bc8 Ke8 (59... Kf6) 60. Bf5 Kf7 61. Bd7 Kf8 (61... Ne6 $11 {Komodo13
} 62. Bc8 Nf4) 62. Bc8 Ke8 63. Ba3 Kf8 $2 ({Stockfish 10 64:} 63... Bxa3 64.
Kxa3 Ke7 65. Ka4 Kd6 66. Kb5 Nc6 67. Bxb7 Nxd4+ 68. Ka5 Nb3+ 69. Kb4 Nc5 70.
Bc8 Kc6 71. Ka5 Kd6 72. Bf5 Kc6 73. Bg6 Kb7 74. Bf7 Kc6 75. Be8+ Kd6 76. Bg6
Kc6 77. Bf7 {Stockfish 10 64:} d4 78. cxd4 Nd7 79. Bxc4 Nxb6 80. Kb4 Kd6 81.
Kc3 Nd7 82. Kd3 Nf6 83. Ke3 Kc6 84. Bd3 Kd5 85. Bf5 Kd6 86. Be4 Ne8 87. Bg2 Nf6
88. Bf3 Ke6 89. Be4 Kd6 90. Bg2 Ke6 91. Kd2 Kd6 92. Kc3 Ne8 93. Kd3 Nf6 94. Bb7
Kd7 95. Bf3 Ke6 96. Kc4 Kd6 97. d5 Nd7 98. Be4 Ke5 $11 {this analysis provived
by John Thornton; Komodo13 does not deviate much from it. Verdict- Bl holds
despite having lost a pawn as the wh squared B cannot cover the bl squares.})
64. Bc5 $18 {the B covers the entry path for the Wh K} Ke8 65. Ka3 Bf6 66. Kb4
Kf7 67. Bd6 Be7 68. Kc5 Ne6+ 69. Bxe6+ {simplest} (69. Kxd5 Nf4+ 70. Bxf4 gxf4
71. Bxb7 Bd8 72. Kc6 f3 73. Ba6 f2 74. Bxc4+ {also works fine for Wh}) 69...
Kxe6 70. Bxe7 Kxe7 71. Kxd5 Kd7 72. Kc5 Kd8 73. Kxc4 Kd7 74. Kd5 1-0

[Event "WCPL1920"]
[Site "?"]
[Date "2019.12.01"]
[Round "2.15"]
[White "Fowler, Hugo"]
[Black "Heap, Gerry"]
[Result "1/2-1/2"]
[WhiteElo "1868"]
[BlackElo "2108"]
[Annotator "kemen"]
[PlyCount "58"]
[EventDate "2019.10.??"]
[EventType "team-tourn"]
[EventCountry "WLS"]
[SourceVersionDate "2019.10.22"]
[WhiteTeam "Tiny Rex"]
[BlackTeam "Cardigan"]

{[%evp 0,24,29,19,128,27,19,-47,-26,-26,57,23,68,30,79,6,50,22,7,14,34,37,68,
44,29,3,55]} 1. e4 c5 2. c3 d5 {last used by Gerry in 2007} (2... g6 {his
recent usual} 3. d4 (3. Nf3 Bg7 4. Bc4 d6 5. O-O Nf6 6. Re1 O-O 7. Bf1 Nc6 8.
h3 a6 9. d4 {Pleasants-Heap, S Wales New Year op 2019,1-0}) 3... cxd4 4. cxd4
d5 5. exd5 Nf6 6. Nc3 Bg7 7. Nf3 O-O 8. Bd3 Nxd5 9. a3 Bg4 $17 {Fowler-Heap,
Dyfed Open 2018,0-1}) 3. exd5 Qxd5 4. d4 g6 (4... e5 {0-2 2007, Heap}) 5. Nf3
Bg7 6. Na3 cxd4 7. Bc4 Qe4+ 8. Be3 {main} Nh6 (8... dxe3 9. Bxf7+) 9. cxd4 O-O
10. O-O Bg4 {main, 45 % for Wh} (10... Nf5 {38% for Wh}) (10... Nc6 {68% for Wh
}) 11. Bxh6 Bxh6 12. Re1 Bxf3 {Komodo13} (12... Qf4 {main} 13. Rxe7 Nc6 14.
Rxb7 Rab8 (14... Rad8 {4 draws,2 Bl wins}) 15. Rxb8 Rxb8 16. b3 Rd8 17. Nc2 {
10 draws, 8 of them corr games}) (12... Qf5 13. Rxe7 Nc6 14. Rxb7 $14 {0.5-1.5}
) 13. Rxe4 {only move played} Bxd1 14. Rxd1 e6 (14... Bg5 {main , 56% for Wh})
15. Nb5 $146 (15. d5 $14 {2 Wh wins, 3 draws}) 15... Nd7 16. d5 Nf6 17. Ree1 (
17. Red4 e5 $11 {Komodo13}) 17... exd5 18. Bxd5 (18. Bb3 Rfe8 19. Rxe8+ Rxe8
20. Kf1 a6 21. Nc7 Re7 22. Nxd5 Nxd5 23. Bxd5 $11 {Komodo13}) 18... Nxd5 19.
Rxd5 a6 (19... Rad8 20. Rxd8 Rxd8 21. Kf1 a6 22. Nc3 Bg7 23. Re7 b5 24. Ke2 $11
{Komodo13}) 20. Nd6 Rfd8 21. Red1 Rd7 22. Nf5 Rxd5 23. Nxh6+ Kg7 24. Rxd5 Rc8 (
24... Kxh6) 25. g3 (25. Nf5+ gxf5 26. g3 Rc2 $11) 25... Kxh6 26. Rd7 b6 27. Rd6
(27. Rxf7 Rc2 28. Ra7 a5 29. b3 Rxa2 30. Rb7 a4 31. bxa4 Rxa4 32. Rxb6 Kg5 $11
{all pawns on the same side}) 27... Rb8 28. f4 (28. Kg2) 28... Kg7 29. Kf2 Kf8
{(draw?)} (29... Kf8 30. Rc6 $14) 1/2-1/2